| 000 | 00640nam a22001937a 4500 | ||
|---|---|---|---|
| 999 |
_c193257 _d193257 |
||
| 005 | 20221018160009.0 | ||
| 010 | _aENG-135489 | ||
| 020 |
_a9789381245767 _c300.00 |
||
| 035 | _aEN-119021 | ||
| 037 | _bDBAD/PUB | ||
| 082 | _a297.40954 | ||
| 245 |
_aSufism In India: _bInterpretative Essays/ _cEdited by Emili Rumi and Swapan Kumar Sarkar |
||
| 260 |
_aKolkata _bAnriruddha Mondal _c2016 |
||
| 270 |
_a10/2B, Ramanath Majumder Street _bKolkata _e700009 _mashadeep.publication@gmail.com |
||
| 300 |
_axiv, 224p. _c21cm(hb) |
||
| 700 | _aRumi, Emili | ||
| 700 | _aSarkar, Swapan Kumar | ||
| 942 |
_2ddc _cEN _mSUF _h297.40954 |
||